Chinese economy expansion and its energy policy implications in the era of global financial crisis

Analýza cesty rozvoja zdrojov energetického mixu Číny do budúcnosti. Rola surovej ropy pri ťažbe a čistej ropy pri dovoze. Chinese National Oil Corporation ako hlavný koordinátor energetickej expanzie Číny. Analýza globálnych PZI Číny v energetike.

Uložené v:
Podrobná bibliografia
Hlavný autor: Harvánek, Lukáš
Médium: Kapitola
Jazyk:English
Predmet:
Tagy: Pridať tag
Žiadne tagy, Buďte prvý, kto otaguje tento záznam!

MARC

LEADER 00000nla a2200000 4500
001 0180613
005 20240502073101.0
041 0 |a eng 
044 |a SK 
245 1 0 |a Chinese economy expansion and its energy policy implications in the era of global financial crisis  |c Lukáš Harvánek 
520 |a Analýza cesty rozvoja zdrojov energetického mixu Číny do budúcnosti. Rola surovej ropy pri ťažbe a čistej ropy pri dovoze. Chinese National Oil Corporation ako hlavný koordinátor energetickej expanzie Číny. Analýza globálnych PZI Číny v energetike. 
610 2 0 |a energetika 
610 2 0 |a ropa 
610 2 0 |a Čína 
610 2 0 |a investície priame zahraničné 
610 2 0 |a zdroje energetické 
100 1 |a Harvánek, Lukáš